| 000 | 003690000a22001570004500 | ||
|---|---|---|---|
| 020 | _a07460 6445 4 | ||
| 082 | 0 | 4 | _aB I W340d |
| 100 | 1 | _aWatt, Fiona | |
| 245 | 1 | 0 | _aDinosaurs / Fiona Watt, Rachel Wells |
| 260 | _aLondon : Usborne | ||
| 300 | _a[8 P.] | ||
| 500 | _aTexto pasta dura \ wwwusborne.com | ||
| 650 | 1 | 4 | _aLiteratura Infantil |
| 001 | 363 | ||
| 942 | _cLGB | ||
| 999 |
_c47608 _d47608 |
||